|
|
|
|
| LEADER |
00000nam0a2200000 4500 |
| 001 |
376574 |
| 005 |
20231101052021.0 |
| 020 |
|
|
|a RU
|b 90-34169
|
| 035 |
|
|
|a (RuTPU)RU\TPU\retro\34014
|
| 035 |
|
|
|a RU\TPU\book\207816
|
| 090 |
|
|
|a 376574
|
| 100 |
|
|
|a 20221223d1989 m y0rusy5003 ca
|
| 101 |
0 |
|
|a rus
|
| 102 |
|
|
|a RU
|
| 105 |
|
|
|a a j 000zy
|
| 200 |
1 |
|
|a Методы расчета переходных процессов в высоковольтных устройствах
|e Учеб. пособие
|f Н. И. Гумерова, Б. В. Ефимов
|g Ленинградский политехнический институт им. М. И. Калинина (ЛПИ)
|
| 210 |
|
|
|a Ленинград
|c Изд-во Ленинградского политехнического ин-та
|d 1989
|
| 215 |
|
|
|a 92,[1] с.
|c ил.
|d 20 см
|
| 610 |
1 |
|
|a электрические аппараты
|
| 610 |
1 |
|
|a высоковольтные устройства
|
| 610 |
1 |
|
|a переходные процессы
|
| 610 |
1 |
|
|a методы расчета
|
| 675 |
|
|
|a 621.3.018.782.3(075.8)
|z rus
|v 3
|
| 700 |
|
1 |
|a Гумерова
|b Н. И.
|4 070
|
| 701 |
|
1 |
|a Ефимов
|b Б. В.
|4 070
|
| 712 |
0 |
2 |
|a Ленинградский политехнический институт им. М. И. Калинина (ЛПИ)
|c (1940-1990)
|2 stltpush
|3 (RuTPU)RU\TPU\col\2601
|
| 801 |
|
0 |
|a RU
|b RuMRKP
|c 19950417
|g psbo
|
| 801 |
|
1 |
|a RU
|b 63413507
|c 20110127
|
| 801 |
|
2 |
|a RU
|b 63413507
|c 20221223
|g RCR
|
| 942 |
|
|
|c BK
|